Doenças virais mais comuns - Statistics

Estatísticas Gerais
  • Esse quiz foi jogado 190 vezes
  • A pontuação média é 10 de 15
Estatísticas das Respostas
Nome do vírus Resposta % Correto
HIV AIDS
94%
Influenza Gripe
91%
DENV Dengue
85%
Zaire Ebolavirus Ebola
83%
Plasmodium malariae Malaria
79%
Zika virus Zika
76%
Vírus Amarílico Febre Amarela
75%
sarscov COVID
69%
Poliovírus Poliomielite
56%
HAV, HBV,HCV Hepatite
54%
Varicela Zoster Catapora
53%
CHIKV Chikungunya
52%
HSV Herpes
52%
Morbillivirus Sarampo
43%
Paramyxovirus Caxumba
24%
Nenhum quiz correspondente encontrado
Distribuição das Pontuações
Porcentagem de Pessoas com Cada Pontuação
Percentil de Números Respondidos
Sua Pontuação Histórica
Você não jogou esse quiz